|
|
|
|
| LEADER |
00938nam a2200349 4500 |
| 001 |
DLU130148672 |
| 005 |
##20130624 |
| 008 |
##721120s1972 nyua 001 0 eng |
| 010 |
# |
# |
|a 72076762
|
| 020 |
# |
# |
|a 0387058117
|a 3540058117 (Berlin)
|
| 035 |
# |
# |
|9 (DLC) 72076762
|
| 040 |
# |
# |
|a DLC
|c DLC
|d DLC
|
| 041 |
# |
# |
|a engrus
|
| 050 |
# |
# |
|a PG2128
|b .G6
|
| 082 |
# |
# |
|a 491.782 421
|b GO-S
|
| 100 |
# |
# |
|a Gould, Sydney H.
|q (Sydney Henry),
|d 1909-
|
| 245 |
# |
# |
|a Russian for the mathematician /
|c S. H. Gould.
|
| 260 |
# |
# |
|a New York :
|b Springer,
|c 1972.
|
| 300 |
# |
# |
|a xi, 211 p. :
|b illus. ;
|c 24 cm.
|
| 650 |
# |
# |
|a Russian language
|x Grammar.
|
| 650 |
# |
# |
|a Russian language
|x Technical Russian.
|
| 923 |
# |
# |
|a 01/2013
|
| 991 |
# |
# |
|a GT
|
| 992 |
# |
# |
|a 4440
|
| 994 |
# |
# |
|a DLU
|
| 900 |
# |
# |
|a True
|
| 911 |
# |
# |
|a Đào Thị Thu Huyền
|
| 925 |
# |
# |
|a G
|
| 926 |
# |
# |
|a A
|
| 927 |
# |
# |
|a SH
|
| 980 |
# |
# |
|a Thư viện Trường Đại học Đà Lạt
|